| 000 | 00414nam a22001697a 4500 | ||
|---|---|---|---|
| 003 | CEME | ||
| 005 | 20210628203719.0 | ||
| 008 | 210414b xxu||||| |||| 00| 0 eng d | ||
| 020 | _a81-85814-52-X | ||
| 040 | _c. | ||
| 082 | _a658.5 NAU'M | ||
| 100 |
_aPrakash, Rajnish Dr , Nauhria, R. N _966978 |
||
| 245 | _aManagement of systems | ||
| 260 |
_aNEWDELHI _bWHEELER _c1995 |
||
| 300 | _a792P | ||
| 942 |
_cBK _2ddc |
||
| 999 |
_c574837 _d574837 |
||